000 00617nam a2200193 u 4500
001 000020730
005 20200930011143.0
008 100813s2015 dr 000 0 spa d
020 _z978994589741
040 _aDO-SdBNP
_bspa
_cBNPHU
082 _axxxxxxxx
_bxxxxxxxx
100 1 _aCuevas C., Jesús
_943482
245 1 0 _aDiez secretos mayores de la iglesia /
_cJesús Cuevas C.
246 1 0 _a10 secretos mayores de la iglesia
260 _aSanto Domingo :
_b[s.n.],
_c[2015].
300 _a127 p. ;
_c21 cm.
500 _aIncluye datos biográficos del autor en contracubierta
504 _aBibliografías : p. 127
999 _c20234
_d20234